| 000 | 00420nam a2200157Ia 4500 | ||
|---|---|---|---|
| 003 | LK-CoDNM | ||
| 008 | 010623t1998 xxu||||| |||| 00| 1 eng d | ||
| 040 |
_aLK-CoDNM _dLK-CoDNM _eLK-CoDNM |
||
| 041 | _aeng | ||
| 080 | _ax 82 GOO | ||
| 100 |
_aGoonetilleke, D.C.R.A. _eed. |
||
| 245 | _aSri Lankan literature in English | ||
| 260 |
_bDepartment of Cultural affairs _c1998 |
||
| 300 | _b(xviii)285, 22 cm | ||
| 942 | _cBK | ||
| 999 |
_c118693 _d118693 |
||